FNAF characters names - Statistics

General Stats
  • This quiz has been taken 78 times
  • The average score is 16 of 30
Answer Stats
Hint Answer % Correct
Elizabeth afton circus baby
100%
Foxy but white funtime foxy
68%
Freddy but white funtime freddy
68%
Glamrock chicken glamrock chica
62%
Glamrock bear glamrock freddy
62%
Rockstar bear rockstar freddy
60%
Rockstar chicken rockstar chica
58%
mini ballet minireena
57%
Rockstar bunny rockstar bonnie
57%
Rockstar fox rockstar foxy
57%
Bad springtrap scraptrap
57%
Freddy but white's puppet bon bon
53%
Frog happy frog
53%
Mini freddy spaghetti molten freddy
53%
Alligator montgomery gator
53%
Hippopotamus mr hippo
53%
Everyone merged ennard
52%
Chips el chip
50%
Puppet trap lefty
50%
Pig pigpatch
50%
Elizabeth but bad scrap baby
50%
Music guy DJ music man
48%
Worse springtrap burntrap
47%
Bear nedd bear
47%
Freddy spaghetti the blob
45%
Foxy but white's puppet bonnet
43%
Gets scooped ballora
42%
Trash trash and the gang
40%
Endoskeleton mimic
13%
Wolf roxxane wolf
10%
No matching quizzes found
Score Distribution
Percent of People with Each Score
Percentile by Number Answered
Your Score History
You have not taken this quiz